[Event "CAN-ch U14 Girls"]
[Site "Sault Ste Marie"]
[Date "2017.07.07"]
[Round "4.51"]
[White "Tan, Kylie"]
[Black "Yang, Elena"]
[Result "1/2-1/2"]
[WhiteElo "1626"]
[BlackElo "1607"]
[PlyCount "90"]
[EventDate "2017.07.06"]
[EventType "tourn"]
[EventRounds "7"]
[EventCountry "CAN"]
[SourceTitle "EXT 2022"]
[Source "ChessBase"]
[SourceDate "2021.10.06"]
[SourceVersion "1"]
[SourceVersionDate "2021.10.06"]
[SourceQuality "1"]

1. e4 e5 2. Nf3 Nf6 3. Nxe5 d6 4. Nf3 Nxe4 5. Nc3 Nxc3 6. dxc3 Be7 7. Be2 0-0 8. h3 d5 9. 0-0 Bf5 10. Bd3 Bxd3 11. cxd3 c6 12. d4 Bd6 13. Be3 Nd7 14. Qc2 h6 15. Rfe1 Re8 16. Re2 Nf6 17. Rae1 Ne4 18. Bc1 Qc7 19. Nd2 Bh2+ 20. Kf1 Nxd2+ 21. Qxd2 Qd7 22. Qc2 Bd6 23. Qd3 Bc7 24. Qf3 Rxe2 25. Qxe2 Qd6 26. Qf3 Qh2 27. Be3 Re8 28. g4 g5 29. Qg2 Qxg2+ 30. Kxg2 Bf4 31. Kf1 Bxe3 32. fxe3 Re4 33. Ke2 Kg7 34. Rf1 h5 35. Rg1 f6 36. Rg3 Kg6 37. Kf3 a6 38. a3 h4 39. Rg1 f5 40. gxf5+ Kxf5 41. c4 b6 42. Rg2 b5 43. cxd5 cxd5 44. Rg1 a5 45. Rg2 a4 1/2-1/2

[Event "Windsor NAYCC U12 Girls"]
[Site "Windsor"]
[Date "2016.08.11"]
[Round "6.111"]
[White "Cao, Claire"]
[Black "Yang, Elena"]
[Result "1-0"]
[WhiteElo "1569"]
[BlackElo "1221"]
[PlyCount "125"]
[EventDate "2016.08.07"]
[EventType "swiss"]
[EventRounds "9"]
[EventCountry "CAN"]
[SourceTitle "EXT 2022"]
[Source "ChessBase"]
[SourceDate "2021.10.06"]
[SourceVersion "1"]
[SourceVersionDate "2021.10.06"]
[SourceQuality "1"]

1. e4 e5 2. Nf3 Nc6 3. d4 exd4 4. Bc4 Bc5 5. 0-0 d6 6. c3 dxc3 7. Nxc3 Nge7 8. Bf4 Ng6 9. Bg5 Qd7 10. Qd2 0-0 11. Rad1 Na5 12. Be2 f6 13. Be3 Bxe3 14. Qxe3 Qd8 15. b4 Nc6 16. Bc4+ Kh8 17. a3 a6 18. Rc1 Re8 19. Bf7 Re7 20. Bxg6 hxg6 21. Nh4 Qe8 22. f4 Bg4 23. Qg3 Bh5 24. Nd5 Nd4 25. Rfe1 Rxe4 26. Nxc7 Rxe1+ 27. Rxe1 Ne2+ 28. Kf2 Qe4 29. Nxg6+ Bxg6 30. Rxe2 Qd4+ 31. Ke1 Qa1+ 32. Kf2 Qd4+ 33. Qe3 Qxe3+ 34. Rxe3 Rc8 35. Re7 Kg8 36. g4 Kf8 37. Rd7 Be4 38. f5 g6 39. fxg6 Bxg6 40. Ne6+ Ke8 41. Rxd6 Rc2+ 42. Ke3 Rxh2 43. Nf4 Ra2 44. Nxg6 Rxa3+ 45. Rd3 Rxd3+ 46. Kxd3 Kf7 47. Nf4 b6 48. Kc4 Kg7 49. Nd5 a5 50. b5 Kg6 51. Nxb6 Kg5 52. Nd5 f5 53. gxf5 Kxf5 54. b6 a4 55. b7 a3 56. b8Q a2 57. Qb2 a1Q 58. Qxa1 Ke6 59. Qf6+ Kd7 60. Kc5 Kc8 61. Qc6+ Kb8 62. Qc7+ Ka8 63. Nb6# 1-0

[Event "Windsor NAYCC U12 Girls"]
[Site "Windsor"]
[Date "2016.08.09"]
[Round "5.114"]
[White "Yang, Elena"]
[Black "Tsukerman, Julia"]
[Result "1-0"]
[WhiteElo "1221"]
[BlackElo "1487"]
[PlyCount "51"]
[EventDate "2016.08.07"]
[EventType "swiss"]
[EventRounds "9"]
[EventCountry "CAN"]
[SourceTitle "EXT 2022"]
[Source "ChessBase"]
[SourceDate "2021.10.06"]
[SourceVersion "1"]
[SourceVersionDate "2021.10.06"]
[SourceQuality "1"]

1. e4 c6 2. d4 d5 3. exd5 cxd5 4. c4 Nf6 5. Nf3 Nc6 6. Nc3 Bg4 7. Be2 a6 8. cxd5 Nxd5 9. 0-0 e6 10. Nxd5 Qxd5 11. Be3 Be7 12. a3 0-0 13. Qd2 Rfd8 14. Rfd1 Bf6 15. Rac1 Rac8 16. h3 Bf5 17. Rc5 Qd7 18. d5 Be7 19. dxc6 Qxd2 20. Rxd2 Rxd2 21. cxb7 Rb8 22. Nxd2 Bxc5 23. Bxc5 Rxb7 24. b4 Rd7 25. Nc4 Bd3 26. Ne5 1-0